Suriyani Cookery / (Record no. 195319)

MARC details
000 -LEADER
fixed length control field 00554nam a22001937a 4500
005 - DATE AND TIME OF LATEST TRANSACTION
control field 20230317142951.0
010 ## - LCCN (DPL NO)
LC control number ENG-1366462
020 ## - INTERNATIONAL STANDARD BOOK NUMBER
International Standard Book Number 9788126442249
Terms of availability 195.00
035 ## - SYSTEM CONTROL NUMBER
System control number EN-119994
037 ## - SOURCE OF ACQUISITION
Source of stock number/acquisition DBAD/PUB
082 ## - DEWEY DECIMAL CLASSIFICATION NUMBER
Classification number 641.595483
100 ## - MAIN ENTRY--PERSONAL NAME
Personal name Lukose, Bava
245 ## - TITLE STATEMENT
Title Suriyani Cookery /
Statement of responsibility, etc By Bava Lukose,
250 ## - EDITION STATEMENT
Edition statement First
260 ## - PUBLICATION, DISTRIBUTION, ETC. (IMPRINT)
Place of publication, distribution, etc Kerela
Name of publisher, distributor, etc An Impacts Of DC Books
270 ## - ADDRESS
Address Kottayam
City Kerela
Postal code 686001
Telephone number 9846133336
Electronic mail address customercare@dcbooks.com
300 ## - PHYSICAL DESCRIPTION
Extent 159p.
Dimensions 23cm(pbk)
942 ## - ADDED ENTRY ELEMENTS (KOHA)
Source of classification or shelving scheme Dewey Decimal Classification
Item type English Books
Classification part 641.595483
Call number suffix BAV
Holdings
Withdrawn status Lost status Not for loan Collection code Home library Current library Date acquired Source of acquisition Cost, normal purchase price Full call number Barcode Copy number Koha item type
      Non-fiction Katevara Katevara 17/03/2023 DBAD/PUB 195.00 641.595483 BAV EN-119994 1 English Books

© Delhi Public Library
Hit Counter
free hit counter